000 00229nmm a2200085Ia 4500
008 220120s9999||||xx |||||||||||||||||und||
100 _aDigit
245 0 _aDRYAD ; Microsoft . Net Fremwork 3.5, Celestia 1.5.0, Mac 4
260 _c2006
999 _c138580
_d138580